Relation between selected phycho-social factors and students'aggressive behaviour in public secondary schools in Bungoma county, Kenya (Record no. 16393)
[ view plain ]
| 000 -LEADER | |
|---|---|
| fixed length control field | 00685nam a22001697a 4500 |
| 008 - FIXED-LENGTH DATA ELEMENTS--GENERAL INFORMATION | |
| fixed length control field | 170328b xxu||||| |||| 00| 0 eng d |
| 040 ## - CATALOGING SOURCE | |
| Original cataloging agency | KABU |
| Transcribing agency | KABU |
| 050 ## - LIBRARY OF CONGRESS CALL NUMBER | |
| Classification number | The LB1060.2 |
| Item number | .W35 2016 C.1 |
| 100 ## - MAIN ENTRY--PERSONAL NAME | |
| Personal name | Otieno, Wakoli Caroline |
| 245 ## - TITLE STATEMENT | |
| Title | Relation between selected phycho-social factors and students'aggressive behaviour in public secondary schools in Bungoma county, Kenya |
| Statement of responsibility, etc. | by Wakoli Caroline Otieno |
| 260 ## - PUBLICATION, DISTRIBUTION, ETC. (IMPRINT) | |
| Date of publication, distribution, etc. | 2016 |
| 300 ## - PHYSICAL DESCRIPTION | |
| Extent | xix, 176 p. |
| 650 ## - SUBJECT ADDED ENTRY--TOPICAL TERM | |
| Topical term or geographic name as entry element | School violence |
| Form subdivision | Prevention |
| Geographic subdivision | Kenya |
| 650 ## - SUBJECT ADDED ENTRY--TOPICAL TERM | |
| Topical term or geographic name as entry element | High school students |
| Form subdivision | Osychology |
| Geographic subdivision | Kenya |
| 650 ## - SUBJECT ADDED ENTRY--TOPICAL TERM | |
| Topical term or geographic name as entry element | Bullying in schools |
| 942 ## - ADDED ENTRY ELEMENTS (KOHA) | |
| Source of classification or shelving scheme | Library of Congress Classification |
| Koha item type | Thesis, Dissertation and Projecs |
| Classification part | The LB1060.2 .W35 2016 C.1 |
| Withdrawn status | Lost status | Source of classification or shelving scheme | Not for loan | Home library | Current library | Date acquired | Total Checkouts | Total Renewals | Full call number | Barcode | Date last seen | Date last checked out | Copy number | Price effective from | Koha item type |
|---|---|---|---|---|---|---|---|---|---|---|---|---|---|---|---|
| Library of Congress Classification | Kabarak, Main Campus | Kabarak, Main Campus | 28/03/2017 | 4 | 1 | The LB1060.2 .W35 2016 C.1 | 027248 | 02/11/2021 | 28/09/2020 | C.1 | 28/03/2017 | General Collection |